Cosby Show Guest Stars Quiz Stats

 Plays Quiz not verified by Sporcle

Score 0/20 Timer 02:00
0 Plays Today
% Correct
Stevie Wonder
94.4%
Sammy Davis, Jr.
91%
B.B. King
88%
Lena Horne
85.4%
Adam Sandler
85%
Angela Bassett
78.9%
Robin Givens
77.3%
Naomi Campbell
76.6%
Ahmad Rashad
74.1%
Sinbad
72.2%
% Correct
Vanessa Williams
71.5%
John Ritter
69.4%
Alicia Keys
66.2%
Tatyana Ali
63%
Iman
60.4%
Patricia Richardson
58.8%
Dick Vitale
57.9%
Jim Valvano
55.1%
Ed McMahon
48.8%
Ed Lover
45.4%

You're not logged in!

Compare scores with friends on all Sporcle quizzes.
OR
Log In

Show Comments

Extras

Top Quizzes Today


Score Distribution

Your Account Isn't Verified!

In order to create a playlist on Sporcle, you need to verify the email address you used during registration. Go to your Sporcle Settings to finish the process.

Report this User

Report this user for behavior that violates our Community Guidelines.

Details: